Villes sur des îles - Mort subite - Statistiques

Statistiques générales
  • Ce quiz a été pris 140 fois
  • Le résultat moyen est 9 sur 18
Answers on the Grid
Answers color-coded by a green-red scale on the quiz's grid according to % correct below.
Ajaccio
Amsterdam
Athenes
Bogotá
Cape Town
Chicago
Colombo
Copenhague
Dublin
Gibraltar
Hambourg
Heraklion
Hong Kong
Honolulu
Istanbul
Lima
Londres
Manille
Montreal
Moscou
Mumbai
Nuuk
Port-d'Espagne
Saint-Domingue
San Francisco
Seoul
Singapour
Stockholm
Tokyo
Venise
 
Statistiques - réponses
Réponse % Correct
Ajaccio
75%
Honolulu
67%
Tokyo
66%
Saint-Domingue
65%
Manille
61%
Singapour
61%
Dublin
60%
Nuuk
54%
Colombo
53%
Copenhague
50%
Heraklion
50%
Londres
50%
Port-d'Espagne
49%
Hong Kong
43%
Venise
43%
Stockholm
23%
Montreal
22%
Mumbai
7%
Aucun quiz correspondant
Distribution des résultats
% des personnes avec chaque résultat
Percentile par nombre de réponses
Votre historique - résultats
Vous n’avez pas pris ce quiz